Представление документа в формате RUSMARC

ПолеНазваниеЗначение
  Тип записи a
  Библиографический уровень m
001 Контрольный номер RU/SLIB/B/208783002
005 Дата корректировки 20201206204349.7
010 Индекс ISBN __
a ISBN 5-9697-0063-0
d Цена 262-50
101 Язык документа __
a Язык текста rus
c Язык оригинала rus
200 Заглавие и сведения об ответственности 1_
a Заглавие Дарю, что помню
e Сведения, относящиеся к заглавию [воспоминания]
f Первые сведения об ответственности Евгений Весник
b Общее обозначение материала Текст
205 Сведения об издании __
a Основные сведения об издании Изд. 4-е, перераб. и доп.
210 Выходные данные __
a Место издания М.
c Издательство ВАГРИУС
d Дата издания 2005
215 Физическое описание __
a Объем 458, [1] с.
225 Серия __
a Серия Мой 20 век
330 Аннотация __
a Аннотация Воспоминания народного артиста Российской Федерации Е. Я. Весника.
600 Персоналии __
a Персоналии (Фамилия) Весник, Е. Я.
f Даты 1923-
g Полное имя Евгений Яковлевич
606 Тематические рубрики __
a Основная рубрика Музыка и зрелищные искусства
z Хронологическая подрубрика 20 в.
y Географическая подрубрика Россия
606 Тематические рубрики __
a Основная рубрика Драматический театр
606 Тематические рубрики __
a Основная рубрика Художественно-игровое кино
610 Ключевые слова __
a Ключевые слова актеры; режиссеры; воспоминания; персоналии; биографии; народные артисты; театральные актеры
686 Индексы других классификаций __
a Классификационный индекс 85.334.3(2)6-8
686 Индексы других классификаций __
a Классификационный индекс 85.374(2)-8
700 Автор _1
a Фамилия Весник
b Имя Е. Я.
g Полное личное имя Евгений Яковлевич
4 Код отношения 070
801 Источник записи _0
a Страна RU
b Организация Муниципальное бюджетное учреждение культуры "Централизованная библиотечная система" г. Сургут (Центральная городская библиотека им. А. С. Пушкина)
g Правила каталогизации КиК/Поспелова
801 Источник записи _1
a Страна RU
b Организация Муниципальное бюджетное учреждение культуры "Централизованная библиотечная система" г. Сургут (Центральная городская библиотека им. А. С. Пушкина)
g Правила каталогизации КиК/Поспелова
852 Данные о местонахождении __
j Шифр хранения 85.334.3(2)6-8
c Каталожный индекс 85.334.3(2)6-8; 85.374(2)-8
i Авторский знак В 38
p Инвентарный номер 06021369; 06021370
901 Тип документа __
t Тип документа m
903 Характеристики (МАРС) __
a Дата передачи 20060202
990 Данные о заказе (DOS) __
j Количество экземпляров (DOS) 2
t N записи в КСУ для И/У (DOS) 200602